[Event "Porto district-ch qual"]
[Site "Matosinhos"]
[Date "2006.05.14"]
[Round "2"]
[White "Cardoso, Rui"]
[Black "Pintor, Simao Maciel Abranc"]
[Result "0-1"]
[WhiteElo "1218"]
[BlackElo "1792"]
[PlyCount "42"]
[EventDate "2006.05.13"]
[EventType "swiss"]
[EventRounds "6"]
[EventCountry "POR"]
[SourceTitle "EXT 2008"]
[Source "ChessBase"]
[SourceDate "2007.11.25"]
[SourceVersion "1"]
[SourceVersionDate "2007.11.25"]
[SourceQuality "1"]

1. e4 d5 2. exd5 Nf6 3. c4 e6 4. Qe2 Be7 5. Nc3 exd5 6. cxd5 Nxd5 7. Qe5 Nxc3 8. Qxg7 Bf6 9. Qh6 Qe7+ 10. Ne2 Nxe2 11. Bxe2 Bg4 12. f3 Bh4+ 13. Kd1 Bf5 14. Qf4 Bg6 15. g3 Bg5 16. Qg4 Nc6 17. Bb5 h5 18. Qc4 0-0 19. Bxc6 bxc6 20. Qxc6 Rfe8 21. d3 Qe2# 0-1